01321nam a2200241 i 450000100060000000300090000600500170001500700030003200800410003510000460007624502320012226000720035430000210042650502050044753000350065265000240068770000450071171000460075685200240080285600890082699900170091595201470093220984ES-MaACL20230906152409.0t|021120s1879 sp ||||1| spa d1 aRodriguez Rubí y Pacheco, Angel.99878010aDiscursos leídos en la sesión inaugural del año académico de 1878-79 de la Sociedad Ginecológica Española, verificada el día 2 de febrero de 1879 / cpor Angel Rodríguez Rubí y Pacheco, y Gabriel de Alarcón. aMadrid : b[s.n.], c1879 (fImp. de Alejandro Gómez Fuentenebro) a56 p. ; c25 cm.8 aContiene: el discurso "Reseña de los trabajos verificados por la Sociedad en el curso anterior", del Sr. Rodríguez Rubí y el del Sr. Alarcón sobre "La menospausia o edad crítica de la mujer" aDisponible en formato digital. 4aMenopausia.91443291 aAlarcón y Casanova, Gabriel de.9191472 aSociedad Ginecológica Española.96779 aES-MaACLjT-843-F-4 uhttp://bdh-rd.bne.es/viewer.vm?id=0000118017&page=1 zBiblioteca Digital Hispánica c20984d20984 001040708Colección_de_folletosaATENEOMbATENEOMcDEPOFd2008-01-17eSCl0oT-843-F-4p1021550r2023-02-23 00:00:00w2023-02-23yFOLLETOS